000 00474nam a2200157 4500
999 _c7507
_d7507
008 170928b xxu||||| |||| 00| 0 eng d
022 _a01181831
082 _aDPer 613.05 H34 Jul-Nov 2013
100 _922771
_aBantiles, Darleth R.
245 _aThe cabinet chore/
_cDarleth R. Bantiles.
260 _aPhilippines:
_bMIMS Pte Ltd KDN,
_c©2013.
300 _apages 16-18;
_c28 cm.
500 _aHealth today.
650 0 _922772
_aMedicine
_xCabinet
942 _2ddc
_cPER